000 00503nam a22001457a 4500
082 _a670
100 _aMoeen, Syed Muhammad Rizwan
245 _aSupplier Sift-A Strategic need of Modern Entrepreneurship /
_cSyed Muhammad Rizwan Moeen
260 _aIslamabad :
_bSMME - NUST,
_c2013.
300 _a72 p. ;
_c30cm.
650 _aIndustrial Manufacturing and Engineering-MS-Thesis
_935421
700 _aDr. Riaz Ahmad
_920988
942 _2ddc
_cTHE
999 _c541088
_d541088